| 000 | 00557nam a2200181 i 4500 | ||
|---|---|---|---|
| 001 | 78350 | ||
| 003 | ES-MaACL | ||
| 005 | 20230906173651.0 | ||
| 007 | t| | ||
| 008 | 041013s1942 sp ||||1| spa d | ||
| 100 | 1 |
_aHardy, Thomas. _961838 |
|
| 245 | 1 | 0 |
_aTeresa de Urbervilles / _cThomas Hardy ; [versión española de M. Ortega Gasset]. |
| 260 |
_aBarcelona : _bNausica, _c1942 ( _fBoles) |
||
| 300 |
_a2 v. ; _c18 cm. |
||
| 700 | 1 |
_aOrtega y Gasset, Manuel, _dm. 1965 _9164717 |
|
| 852 |
_aES-MaACL _jB-12938-39 _bR.27215 |
||
| 999 |
_c78350 _d78350 |
||